[Event "Moscow Open 2007"]
[Site "Moscow"]
[Date "2007.01.29"]
[Round "3"]
[White "Rjabzev, Konstantin"]
[Black "Repina, Varvara"]
[Result "1-0"]
[WhiteElo "2387"]
[BlackElo "2200"]
[PlyCount "149"]
[EventDate "2007.??.??"]

1. e4 c5 2. Nf3 d6 3. d4 cxd4 4. Nxd4 Nf6 5. Nc3 a6 6. a4 e5 7. Nb3 Be6 8. Be2
Be7 9. O-O O-O 10. Bf3 Nbd7 11. a5 Rc8 12. Be3 Qc7 13. Re1 Rfd8 14. Re2 Nc5 15.
Nxc5 dxc5 16. Rd2 Rxd2 17. Qxd2 c4 18. Bb6 Qc6 19. Qg5 Bc5 20. Na4 Bd6 21. Qd2
Be7 22. Nc3 Bb4 23. Qg5 Bd6 24. Rd1 h6 25. Qd2 Bb4 26. Qe3 Bc5 27. Bxc5 Qxc5
28. Rd8+ Kh7 29. Rxc8 Qxc8 30. h3 Qc7 31. Qb6 Qxb6 32. axb6 Nd7 33. Na4 Kg8 34.
Kf1 Kf8 35. Ke1 Ke7 36. Kd2 Kd6 37. Kc3 Nc5 38. Nxc5 Kxc5 39. Be2 a5 40. h4 g6
41. g3 h5 42. f4 f6 43. f5 Bf7 44. g4 gxf5 45. exf5 hxg4 46. Bxg4 e4 47. Be2
Bg8 48. Bh5 e3 49. Bf3 Bh7 50. Bxb7 Kxb6 51. Bd5 Bxf5 52. Bxc4 Kc5 53. Bd3 Bg4
54. Bg6 Kd6 55. h5 Ke7 56. h6 Kf8 57. Kd3 e2 58. Kd2 f5 59. c4 f4 60. c5 f3 61.
Ke1 Kg8 62. c6 Kh8 63. c7 Kg8 64. Be4 Bc8 65. Bxf3 Kh7 66. Kxe2 Kxh6 67. Kd3
Kg5 68. Kd4 Kf6 69. Kc5 Ke5 70. b3 Kf4 71. Bg2 Ke5 72. Kb6 Kd4 73. Kxa5 Kc5 74.
b4+ Kd6 75. Kb6 1-0

[Event "Moscow Open 2007"]
[Site "Moscow"]
[Date "2007.01.29"]
[Round "3"]
[White "Omariev, Maksim"]
[Black "Filipenko, Alexander V"]
[Result "1/2-1/2"]
[WhiteElo "2153"]
[BlackElo "2376"]
[PlyCount "218"]
[EventDate "2007.??.??"]

1. e4 c5 2. Nf3 d6 3. d4 cxd4 4. Nxd4 Nf6 5. Nc3 Nc6 6. Bg5 Bd7 7. Qd2 Rc8 8.
Be2 Nxd4 9. Qxd4 Qa5 10. Bd2 a6 11. O-O Qc5 12. Qd3 e6 13. Be3 Qb4 14. Rab1 Be7
15. f4 Qa5 16. Kh1 O-O 17. a4 Rfd8 18. b4 Qc7 19. Rb3 Bc6 20. b5 axb5 21. axb5
Be8 22. b6 Qb8 23. f5 d5 24. e5 Qxe5 25. Bf4 Qxf5 26. Qxf5 exf5 27. Bc7 d4 28.
Bxd8 Bxd8 29. Nb5 Ne4 30. Rxf5 Rxc2 31. Nxd4 Rc1+ 32. Rf1 Rc5 33. Bf3 Nd2 34.
Re1 Bd7 35. Rd3 Bxb6 36. Rxd2 Ba5 37. Rc2 Rxc2 38. Nxc2 Bxe1 39. Nxe1 b6 40.
Kg1 f5 41. Kf2 Kf7 42. Ke3 g5 43. Kd4 Kf6 44. Nd3 Be6 45. Ne5 b5 46. Nd3 Bc4
47. Nb4 g4 48. Bd5 Bf1 49. g3 h5 50. Bb3 f4 51. Nd5+ Kg5 52. Nxf4 h4 53. Ke5
hxg3 54. hxg3 Bh3 55. Bd1 Bf1 56. Ne6+ Kg6 57. Bxg4 b4 58. Bd1 Bc4 59. Nf4+ Kg5
60. Nh3+ Kg6 61. Bc2+ Kh5 62. Kf5 Be6+ 63. Kxe6 Kg4 64. Nf4 b3 65. Bxb3 Kxg3
66. Kf5 Kf3 67. Nd5 Ke2 68. Ke4 Kd2 69. Bc4 Kc2 70. Ke3 Kc1 71. Nc3 Kc2 72. Nb5
Kc1 73. Bb3 Kb2 74. Ba4 Kc1 75. Kd3 Kb2 76. Kd2 Kb1 77. Kc3 Kc1 78. Nd4 Kb1 79.
Nc2 Kc1 80. Bb3 Kb1 81. Bc4 Kc1 82. Na3 Kd1 83. Bd3 Ke1 84. Kd4 Kf2 85. Nc2 Kf3
86. Ke5 Kg4 87. Nd4 Kg5 88. Ne6+ Kg4 89. Ke4 Kg3 90. Ke3 Kg4 91. Be4 Kh5 92.
Kf4 Kh6 93. Bd3 Kh5 94. Bf5 Kh6 95. Ke4 Kh5 96. Ke5 Kh6 97. Kf6 Kh5 98. Ng5 Kh6
99. Nf7+ Kh5 100. Nd6 Kh6 101. Ne4 Kh5 102. Kg7 Kh4 103. Be6 Kh5 104. Kf6 Kh6
105. Bg8 Kh5 106. Nd6 Kh4 107. Kg6 Kg3 108. Kg5 Kf3 109. Nc4 Kf2 1/2-1/2

[Event "Moscow Open 2007"]
[Site "Moscow"]
[Date "2007.01.29"]
[Round "3"]
[White "Soltanici, Ruslan"]
[Black "Savina, Anastasia"]
[Result "1-0"]
[WhiteElo "2372"]
[BlackElo "2153"]
[PlyCount "67"]
[EventDate "2007.??.??"]

1. e4 c5 2. Nf3 Nc6 3. d4 cxd4 4. Nxd4 e5 5. Nb5 d6 6. N1c3 a6 7. Na3 b5 8. Nd5
Nge7 9. c4 Nxd5 10. exd5 Nd4 11. cxb5 Be7 12. bxa6 Qa5+ 13. Qd2 Qxd5 14. Bb5+
Kf8 15. O-O Bh3 16. f4 Qc5 17. Qe3 exf4 18. Qxh3 Nxb5+ 19. Kh1 Nxa3 20. bxa3
Bf6 21. Qf3 g5 22. Bxf4 gxf4 23. Rac1 Qa7 24. Qxf4 Be5 25. Qh6+ Ke8 26. Rfe1
Qxa6 27. Qf6 Kf8 28. Rxe5 dxe5 29. Qxh8+ Ke7 30. Qxe5+ Qe6 31. Qc3 Qd6 32. Re1+
Kd7 33. Qf3 Rxa3 34. Qxf7+ 1-0

[Event "Moscow Open 2007"]
[Site "Moscow"]
[Date "2007.01.29"]
[Round "3"]
[White "Ezhikov, Vitaly"]
[Black "Kachar, Vladimir"]
[Result "0-1"]
[WhiteElo "2131"]
[BlackElo "2364"]
[PlyCount "64"]
[EventDate "2007.??.??"]

1. d4 Nf6 2. c4 e6 3. Nf3 b6 4. g3 Ba6 5. Qa4 Bb7 6. Bg2 c5 7. O-O cxd4 8. Nxd4
Bxg2 9. Kxg2 Bc5 10. Nb5 Qc8 11. Bf4 Qc6+ 12. f3 O-O 13. Qb3 Rc8 14. e4 a6 15.
N5c3 Bd4 16. Nd2 Nh5 17. Ne2 Nxf4+ 18. Nxf4 d6 19. Rab1 Nd7 20. Ne2 Bf6 21. Qe3
h6 22. h4 b5 23. b3 b4 24. Rfd1 Nc5 25. Nd4 Qb6 26. Nf1 Qc7 27. Qd2 Rab8 28.
Ne3 h5 29. Ndc2 Bc3 30. Qxd6 Qa5 31. Nd4 Rd8 32. Nc6 Qxa2+ 0-1

[Event "Moscow Open 2007"]
[Site "Moscow"]
[Date "2007.01.29"]
[Round "3"]
[White "Zemtsov, Igor"]
[Black "Rogovsky, Alexander"]
[Result "1-0"]
[WhiteElo "2364"]
[BlackElo "2117"]
[PlyCount "131"]
[EventDate "2007.??.??"]

1. d4 Nf6 2. Nc3 d5 3. Bg5 Nbd7 4. e3 h6 5. Bh4 e6 6. Bd3 c5 7. Nf3 c4 8. Be2
Qa5 9. O-O Bb4 10. Nb1 O-O 11. c3 Bd6 12. Nbd2 Qc7 13. Qc2 b5 14. e4 dxe4 15.
Nxe4 Be7 16. a4 Ba6 17. Nxf6+ Nxf6 18. Ne5 Rab8 19. Bf3 Nd5 20. Bg3 Bd6 21.
axb5 Bxb5 22. Rfe1 Rb6 23. Qd2 Rfb8 24. Ra2 Be8 25. Be4 Nf6 26. Bb1 Nd7 27. Qc2
Nf8 28. Qe2 Rc8 29. Be4 f6 30. Nf3 Bxg3 31. hxg3 Rcb8 32. Rb1 a6 33. Nd2 Bb5
34. Bc2 Rd8 35. Re1 Rbd6 36. Ne4 Rc6 37. f4 Qf7 38. Raa1 Nd7 39. Rf1 Qe7 40. g4
f5 41. Nd2 fxg4 42. Qxg4 Nf6 43. Qh3 Qf7 44. g4 Rf8 45. Nf3 Nd7 46. Ng5 Qe7 47.
Nh7 Rf7 48. g5 Nf8 49. g6 Nxh7 50. gxf7+ Qxf7 51. Rae1 Rd6 52. Re5 Bc6 53. Qg3
Nf6 54. f5 Qh5 55. fxe6 Qh1+ 56. Kf2 Ng4+ 57. Ke1 Qh2 58. Qxh2 Nxh2 59. d5 Be8
60. Rf4 g5 61. Rff5 g4 62. Be4 g3 63. e7 Kg7 64. Rf8 Bb5 65. e8=Q Bxe8 66.
Rexe8 1-0

[Event "Moscow Open 2007"]
[Site "Moscow"]
[Date "2007.01.29"]
[Round "3"]
[White "Hambartsumian, Yuri"]
[Black "Yuganova, Marina"]
[Result "0-1"]
[WhiteElo "2354"]
[BlackElo "1900"]
[PlyCount "58"]
[EventDate "2007.??.??"]

1. e4 c5 2. Nf3 d6 3. d4 cxd4 4. Nxd4 Nf6 5. Nc3 g6 6. Be3 Bg7 7. f3 O-O 8. Bc4
Nc6 9. Qd2 Bd7 10. O-O-O Ne5 11. Bb3 Qa5 12. g4 Rfc8 13. h4 Nc4 14. Bxc4 Rxc4
15. Kb1 Rac8 16. Nb3 Qa6 17. h5 Bxg4 18. fxg4 Rxc3 19. bxc3 Nxe4 20. Qd3 Nxc3+
21. Kc1 Qa3+ 22. Kd2 Nxd1 23. Rxd1 Qb4+ 24. Kc1 Rc3 25. Qe2 Qa3+ 26. Kd2 Qxa2
27. Rc1 Rxb3 28. Qc4 Qa5+ 29. Ke2 Rxe3+ 0-1

[Event "Moscow Open 2007"]
[Site "Moscow"]
[Date "2007.01.29"]
[Round "3"]
[White "Larina, Marija"]
[Black "Reutsky, Sergei"]
[Result "1-0"]
[WhiteElo "2094"]
[BlackElo "2353"]
[PlyCount "75"]
[EventDate "2007.??.??"]

1. e4 c5 2. Nf3 d6 3. d4 cxd4 4. Nxd4 Nf6 5. Nc3 g6 6. Be2 Bg7 7. O-O O-O 8.
Bg5 Nc6 9. Nb3 a6 10. f4 b5 11. Bf3 Bb7 12. Kh1 Rc8 13. Rb1 b4 14. Nd5 e6 15.
Ne3 Qc7 16. Rf2 Na7 17. Qd3 Nb5 18. e5 dxe5 19. fxe5 Nd7 20. Bxb7 Qxb7 21. Qd2
Na7 22. Be7 Rfe8 23. Bxb4 Nxe5 24. Nc5 Qc6 25. c4 Red8 26. Qe1 Bf8 27. Qc3 Bg7
28. Qa3 Rd4 29. b3 Bf8 30. Nc2 Rh4 31. Re2 Ng4 32. Ne4 Nxh2 33. Nf6+ Kh8 34.
Kg1 Qb6+ 35. c5 Bxc5+ 36. Bxc5 Rxc5 37. Nd7 Nf3+ 38. Kf2 1-0

[Event "Moscow Open 2007"]
[Site "Moscow"]
[Date "2007.01.29"]
[Round "3"]
[White "Gingold, Anton"]
[Black "Maiorov, Nikita"]
[Result "1-0"]
[WhiteElo "2079"]
[BlackElo "2516"]
[PlyCount "89"]
[EventDate "2007.??.??"]

1. e4 e5 2. Nf3 Nc6 3. Bb5 a6 4. Ba4 Nf6 5. O-O Be7 6. Re1 b5 7. Bb3 d6 8. c3
O-O 9. h3 Nb8 10. d4 Nbd7 11. Nbd2 Bb7 12. Bc2 Re8 13. Nf1 Bf8 14. Ng3 g6 15.
a4 Bg7 16. Qd3 Rb8 17. Bg5 h6 18. Bd2 c6 19. Bb3 c5 20. axb5 axb5 21. Qb1 d5
22. Nxe5 Nxe5 23. dxe5 Nxe4 24. Nxe4 dxe4 25. Bf4 Bxe5 26. Bxh6 c4 27. Bc2 f5
28. Qc1 Qe7 29. Ra5 Bc6 30. Qe3 Ra8 31. Rea1 Rxa5 32. Rxa5 Ra8 33. Rxa8+ Bxa8
34. Qb6 Kh7 35. Qe3 b4 36. Bg5 Qb7 37. Qc5 Bg7 38. Qxc4 bxc3 39. bxc3 e3 40.
Qh4+ Kg8 41. Qc4+ Kh7 42. f3 Qb2 43. Bb3 Qc1+ 44. Kh2 Be5+ 45. f4 1-0

[Event "Moscow Open 2007"]
[Site "Moscow"]
[Date "2007.01.29"]
[Round "3"]
[White "Orlinkov, Maxim L"]
[Black "Novikov, Valeri"]
[Result "1-0"]
[WhiteElo "2377"]
[BlackElo "2212"]
[PlyCount "59"]
[EventDate "2007.??.??"]

1. d4 Nf6 2. c4 g6 3. Nc3 Bg7 4. Bg5 d6 5. e3 c6 6. Nf3 Qc7 7. Be2 a5 8. O-O
O-O 9. a3 Bf5 10. Bd3 Bxd3 11. Qxd3 Na6 12. Rab1 e5 13. b4 Rfe8 14. Nd2 exd4
15. exd4 axb4 16. axb4 Nxb4 17. Rxb4 Qa5 18. Bxf6 Qxb4 19. Rb1 Qa3 20. Bxg7
Kxg7 21. h4 b5 22. cxb5 cxb5 23. d5 Rac8 24. Qd4+ f6 25. Nde4 Re5 26. Nxb5 Qa2
27. Ra1 Qxd5 28. Qa7+ Kf8 29. Qxh7 Rxe4 30. Qh8+ 1-0

[Event "Moscow Open 2007"]
[Site "Moscow"]
[Date "2007.01.29"]
[Round "3"]
[White "Vladimirov, Ivan"]
[Black "Losev, Dmitry"]
[Result "0-1"]
[WhiteElo "2191"]
[BlackElo "2345"]
[PlyCount "112"]
[EventDate "2007.??.??"]

1. e4 c5 2. Nc3 Nc6 3. g3 g6 4. Bg2 Bg7 5. f4 d6 6. d3 Rb8 7. Nf3 b5 8. O-O b4
9. Ne2 e6 10. g4 Nge7 11. f5 h5 12. fxg6 Nxg6 13. gxh5 Nh4 14. Nxh4 Qxh4 15.
Ng3 Bd4+ 16. Kh1 Be5 17. Qf3 Rb7 18. Bf4 Nd4 19. Qf2 Bxf4 20. Qxf4 Qxf4 21.
Rxf4 Nxc2 22. Rc1 e5 23. Rf6 Ke7 24. Rf2 Nd4 25. Rcf1 Rh7 26. h4 Be6 27. b3 a5
28. Kh2 a4 29. bxa4 Ra7 30. Bh3 Rxa4 31. Bxe6 Kxe6 32. Rd2 Ra3 33. Nf5 Nxf5 34.
Rxf5 Rc3 35. Rg5 c4 36. dxc4 Rxc4 37. Re2 f6 38. Rg3 Rxh5 39. Kh3 d5 40. Rg4 d4
41. Rf2 Rh6 42. Rd2 Rc3+ 43. Kg2 Kf7 44. Rb2 Rg6 45. Rxg6 Kxg6 46. Rxb4 Re3 47.
a4 Rxe4 48. a5 Re2+ 49. Kg3 Re3+ 50. Kf2 Ra3 51. Rb5 Kf5 52. Ke2 Ke4 53. h5
Ra2+ 54. Ke1 d3 55. h6 Ke3 56. Rb1 Rh2 0-1

[Event "Moscow Open 2007"]
[Site "Moscow"]
[Date "2007.01.29"]
[Round "3"]
[White "Tjurin, Alexander P"]
[Black "Arslanov, Shamil"]
[Result "0-1"]
[WhiteElo "2344"]
[BlackElo "2192"]
[PlyCount "140"]
[EventDate "2007.??.??"]

1. e4 e6 2. d4 d5 3. Nd2 Nf6 4. e5 Nfd7 5. Bd3 c5 6. c3 Nc6 7. Ngf3 cxd4 8.
cxd4 f6 9. O-O fxe5 10. Nxe5 Ndxe5 11. dxe5 Nxe5 12. Qh5+ Nf7 13. Re1 a6 14.
Bxh7 g6 15. Qxg6 Qh4 16. Bg8 Qxh2+ 17. Kf1 Qh1+ 18. Ke2 Qh5+ 19. Qxh5 Rxh5 20.
Bxf7+ Kxf7 21. Nf3 e5 22. Bd2 Bg4 23. Kf1 Rh1+ 24. Ng1 e4 25. Bf4 Bb4 26. Rec1
Ba5 27. Be3 Ke6 28. Bd4 Rf8 29. Rc2 e3 30. Bxe3 Bf5 31. Re2 Bd3 32. a3 Rc8 33.
Bd2+ Bxe2+ 34. Kxe2 Bxd2 35. Kxd2 Rh2 36. Ne2 Rf8 37. Ke3 Rxg2 38. f3 Kd6 39.
Nd4 Rxb2 40. Rh1 Re8+ 41. Kd3 Ra2 42. Rh6+ Kd7 43. Kc3 Rc8+ 44. Kb3 Rd2 45.
Rh7+ Kd6 46. Nf5+ Ke6 47. Rh5 Kf6 48. Nd6 Rd3+ 49. Kb2 Rg8 50. Rh6+ Ke5 51.
Nf7+ Kd4 52. Rh4+ Kc5 53. Rh2 Rxf3 54. Rc2+ Kb6 55. Nd6 Ka7 56. Nc8+ Kb8 57.
Nb6 d4 58. Rd2 Rd8 59. a4 Kc7 60. Nc4 Rg3 61. Rf2 Kc6 62. Rf5 Rh8 63. Na5+ Kc7
64. Rf7+ Kb6 65. Nc4+ Kc5 66. Rc7+ Kb4 67. Nd2 Rh2 68. Rc4+ Ka5 69. Rxd4 Rgg2
70. Kc1 Rxd2 0-1

[Event "Moscow Open 2007"]
[Site "Moscow"]
[Date "2007.01.29"]
[Round "3"]
[White "Demianjuk, Alexander"]
[Black "Romashko, Andrei"]
[Result "1/2-1/2"]
[WhiteElo "2342"]
[BlackElo "2177"]
[PlyCount "56"]
[EventDate "2007.??.??"]

1. e4 e5 2. Nf3 d6 3. d4 exd4 4. Nxd4 Nf6 5. Nc3 g6 6. f3 Bg7 7. Be3 O-O 8. Qd2
d5 9. exd5 Nxd5 10. Nxd5 Qxd5 11. c4 Qe5 12. O-O-O Rd8 13. Re1 h6 14. h4 Bf5
15. g4 Nc6 16. gxf5 Nxd4 17. Bxd4 Qxd4 18. Qxd4 Rxd4 19. fxg6 fxg6 20. b3 a5
21. Re4 a4 22. Rxd4 axb3 23. Rd8+ Rxd8 24. axb3 Ra8 25. Bd3 Kf7 26. Rg1 Ra1+
27. Bb1 Bf6 28. Kd2 g5 1/2-1/2

[Event "Moscow Open 2007"]
[Site "Moscow"]
[Date "2007.01.29"]
[Round "3"]
[White "Bogumil, Tatiana"]
[Black "Maslov, Mikhail"]
[Result "0-1"]
[WhiteElo "2188"]
[BlackElo "2336"]
[PlyCount "142"]
[EventDate "2007.??.??"]

1. Nf3 c5 2. c4 g6 3. Nc3 Bg7 4. d4 cxd4 5. Nxd4 Nc6 6. e3 Nf6 7. Be2 O-O 8.
O-O Qc7 9. b3 a6 10. Bb2 e6 11. Rc1 b6 12. Nxc6 dxc6 13. c5 b5 14. Qc2 e5 15.
e4 Be6 16. Rcd1 Rfd8 17. Bc1 Qe7 18. Be3 Ng4 19. Bxg4 Bxg4 20. f3 Be6 21. Rxd8+
Rxd8 22. Rd1 Bf8 23. b4 a5 24. a3 axb4 25. axb4 Bc4 26. Rxd8 Qxd8 27. Qd2 Qa8
28. Qb2 h5 29. Bg5 Bg7 30. h4 Kh7 31. Kh2 Qa7 32. Qd2 Qa3 33. Nd1 Qb3 34. Nf2
Qb1 35. Nh3 Be6 36. Nf2 Qf1 37. Nh1 Qc4 38. Nf2 Bc8 39. Qb2 Bd7 40. Qd2 Be6 41.
Nd1 f6 42. Be3 f5 43. Nb2 Qb3 44. Bg5 fxe4 45. fxe4 Bg4 46. Nd3 Qf7 47. Nf2 Be6
48. Nh3 Qf1 49. Qf2 Qb1 50. Qe2 Bxh3 51. Kxh3 Qxb4 52. g4 Qc4 53. Qf3 Qe6 54.
Bd2 Qd7 55. Ba5 Bh6 56. Kg2 hxg4 57. Qf6 Qd3 58. Qf7+ Bg7 59. h5 Qxe4+ 60. Kg3
Qf3+ 61. Qxf3 gxf3 62. hxg6+ Kxg6 63. Kxf3 Kf5 64. Ke3 Bh6+ 65. Kd3 e4+ 66. Kd4
Bc1 67. Bc7 b4 68. Kc4 Bd2 69. Bd8 Kg4 70. Bf6 Kf3 71. Bh4 Bc3 0-1

[Event "Moscow Open 2007"]
[Site "Moscow"]
[Date "2007.01.29"]
[Round "3"]
[White "Vasilkova, Svetlana"]
[Black "Prudnikova, Ekaterina"]
[Result "1-0"]
[WhiteElo "2336"]
[BlackElo "2169"]
[PlyCount "93"]
[EventDate "2007.??.??"]

1. e4 c6 2. d4 d5 3. Nd2 dxe4 4. Nxe4 Bf5 5. Ng3 Bg6 6. h4 h6 7. Nf3 Nd7 8. h5
Bh7 9. Bd3 Bxd3 10. Qxd3 e6 11. Bf4 Ngf6 12. O-O-O Be7 13. Kb1 O-O 14. Ne4 Nxe4
15. Qxe4 Nf6 16. Qe2 Qd5 17. Ne5 Qe4 18. Qxe4 Nxe4 19. Be3 Rfd8 20. g4 c5 21.
c3 cxd4 22. Bxd4 Bc5 23. Bxc5 Nxc5 24. f3 f6 25. Nc4 Kf7 26. Kc2 Ke7 27. b4 Nd7
28. f4 Rdc8 29. Nd6 Rc6 30. Nb5 Rac8 31. Rd3 Rb6 32. a4 Rc4 33. Rhd1 Nf8 34.
Kb3 Rxf4 35. Nxa7 Ra6 36. Nc8+ Kf7 37. Nd6+ Ke7 38. Nxb7 Rxg4 39. a5 e5 40. b5
Ra7 41. a6 e4 42. Rd5 Rg5 43. Rxg5 hxg5 44. Nd6 Ke6 45. Nxe4 Nd7 46. Kb4 Ne5
47. b6 1-0

[Event "Moscow Open 2007"]
[Site "Moscow"]
[Date "2007.01.29"]
[Round "3"]
[White "Vafin, Niaz"]
[Black "Kurukin, Dmitry"]
[Result "1-0"]
[WhiteElo "2308"]
[BlackElo "2164"]
[PlyCount "63"]
[EventDate "2007.??.??"]

1. e4 c5 2. Nf3 d6 3. d4 cxd4 4. Nxd4 Nf6 5. Nc3 a6 6. Be2 e5 7. Nb3 Be7 8. O-O
O-O 9. Kh1 Be6 10. f4 Qc7 11. Nd5 Bxd5 12. exd5 Nbd7 13. c4 Nb6 14. Qd3 Rac8
15. Nd2 exf4 16. Rxf4 Nfd7 17. b3 Ne5 18. Qg3 Ng6 19. Bb2 Nd7 20. Raf1 Qd8 21.
Ne4 Nde5 22. Rf5 b6 23. Bd4 Kh8 24. Qf2 Rb8 25. g3 f6 26. h4 Nf7 27. Bd3 Nge5
28. Bb1 g6 29. Nxf6 gxf5 30. Qxf5 Ng6 31. Nxh7+ Nfe5 32. Nxf8 1-0

[Event "Moscow Open 2007"]
[Site "Moscow"]
[Date "2007.01.29"]
[Round "3"]
[White "Guseva, Marina"]
[Black "Ovsiannikov, Maxim"]
[Result "1-0"]
[WhiteElo "2305"]
[BlackElo "2058"]
[PlyCount "55"]
[EventDate "2007.??.??"]

1. d4 Nf6 2. c4 c5 3. d5 e6 4. Nc3 exd5 5. cxd5 d6 6. e4 g6 7. Bd3 Bg7 8. Nge2
O-O 9. O-O Re8 10. Ng3 Na6 11. h3 Rb8 12. Be3 Nc7 13. a4 a6 14. a5 b5 15. axb6
Rxb6 16. Qd2 Nb5 17. Nxb5 axb5 18. b4 Nh5 19. Nxh5 Bxa1 20. Rxa1 gxh5 21. bxc5
dxc5 22. Bxc5 Rg6 23. Qe3 f5 24. f3 Qh4 25. Qf2 Qxh3 26. Bxb5 Re5 27. Ra8 fxe4
28. fxe4 1-0

[Event "Moscow Open 2007"]
[Site "Moscow"]
[Date "2007.01.29"]
[Round "3"]
[White "Tilicheev, Viacheslav"]
[Black "Kedrov, Valery V"]
[Result "1/2-1/2"]
[WhiteElo "2039"]
[BlackElo "2300"]
[PlyCount "97"]
[EventDate "2007.??.??"]

1. e4 c5 2. Nf3 g6 3. d4 cxd4 4. Nxd4 Bg7 5. Nc3 Nc6 6. Be3 Nf6 7. Bc4 O-O 8.
Bb3 a5 9. f3 d5 10. exd5 Nb4 11. Nde2 a4 12. Nxa4 Nfxd5 13. Bf2 Rxa4 14. Bxa4
Bxb2 15. Rb1 Bc3+ 16. Nxc3 Nxc3 17. Qxd8 Rxd8 18. Bb6 Rd6 19. Rxb4 Rd1+ 20. Kf2
Rxh1 21. Bd4 Nxa4 22. Rxa4 Rd1 23. c3 e5 24. Ke2 Rb1 25. Bxe5 Rb6 26. Ra8 Rc6
27. g4 f5 28. g5 Kf7 29. f4 Ke6 30. Kd3 Kd7 31. Ra5 Ra6 32. Rxa6 bxa6 33. Kd4
Bb7 34. Bb8 Ke6 35. Kc5 Bf3 36. Kb6 Be2 37. Kc7 Bc4 38. a3 Be2 39. Kd8 Bb5 40.
Bc7 Kf7 41. Bb6 Ke6 42. Bd4 Kf7 43. Bc5 Ke6 44. Bb4 Kf7 45. Kc7 Ke6 46. Bf8 Kf7
47. Bd6 Ke6 48. Bb4 Kd5 49. Bf8 1/2-1/2

[Event "Moscow Open 2007"]
[Site "Moscow"]
[Date "2007.01.29"]
[Round "3"]
[White "Kassimski, Kiril"]
[Black "Airapetian, Tatevik"]
[Result "0-1"]
[WhiteElo "2088"]
[BlackElo "2245"]
[PlyCount "50"]
[EventDate "2007.??.??"]

1. d4 Nf6 2. c4 e6 3. Nc3 c5 4. d5 exd5 5. cxd5 d6 6. e4 g6 7. f4 Bg7 8. Nf3
O-O 9. Be2 a6 10. O-O b5 11. e5 dxe5 12. fxe5 Ng4 13. Bg5 Qb6 14. d6 c4+ 15.
Kh1 Nxe5 16. Nd5 Qc5 17. Be7 Nbd7 18. Nxe5 Bxe5 19. Nf6+ Nxf6 20. Rxf6 Ra7 21.
Bxf8 Bxf6 22. d7 Qxf8 23. dxc8=Q Qxc8 24. Qc2 Qe6 25. Rf1 Re7 0-1

[Event "Moscow Open 2007"]
[Site "Moscow"]
[Date "2007.01.29"]
[Round "3"]
[White "Prokopchuk, Evgeny"]
[Black "Rasstriguine, Andrei"]
[Result "1-0"]
[WhiteElo "2516"]
[BlackElo "2161"]
[PlyCount "85"]
[EventDate "2007.??.??"]

1. d4 Nf6 2. c4 e6 3. Nf3 Bb4+ 4. Bd2 Bxd2+ 5. Qxd2 b6 6. g3 Bb7 7. Bg2 d6 8.
Nc3 Nbd7 9. d5 e5 10. O-O O-O 11. b4 a5 12. a3 Ba6 13. Qd3 Re8 14. e4 Bc8 15.
Nd2 Nb8 16. Nb3 Na6 17. Qd2 Bd7 18. Nd1 Ba4 19. Qc3 axb4 20. axb4 Bxb3 21. Ne3
Qc8 22. Qxb3 Qb7 23. Ra4 Nb8 24. Rfa1 Nbd7 25. Qa3 Rxa4 26. Qxa4 g6 27. Qc6 Qb8
28. Nd1 b5 29. c5 dxc5 30. bxc5 b4 31. Nb2 b3 32. Ra4 Kg7 33. Bf1 Qd8 34. Bd3
Qe7 35. Ra5 Ng4 36. h3 Nb8 37. Qa4 Nxf2 38. Kxf2 Qg5 39. Qxe8 Qd2+ 40. Kf3 Qxb2
41. Qxb8 Qc3 42. Qb5 b2 43. Ra2 1-0

[Event "Moscow Open 2007"]
[Site "Moscow"]
[Date "2007.01.29"]
[Round "3"]
[White "Ludanov, Nikolay"]
[Black "Grabuzova, Tatiana"]
[Result "0-1"]
[WhiteElo "2147"]
[BlackElo "2357"]
[PlyCount "160"]
[EventDate "2007.??.??"]

1. e4 e6 2. d3 d5 3. Nd2 Nf6 4. g3 b6 5. Bg2 Bb7 6. e5 Nfd7 7. d4 c5 8. c3 Ba6
9. Ne2 Nc6 10. f4 Qc7 11. Nf3 cxd4 12. Nfxd4 Nxd4 13. cxd4 Rc8 14. Bd2 Qc2 15.
Bc3 Qxd1+ 16. Kxd1 b5 17. f5 b4 18. Bd2 exf5 19. Bxd5 Nb6 20. Bb3 Nc4 21. Ba4+
Kd8 22. Bc1 h5 23. Rf1 g6 24. Rf2 Kc7 25. b3 Nb6 26. Bg5 Nd5 27. Rc1+ Kb6 28.
Rxc8 Bxc8 29. Nf4 Nc3+ 30. Kc1 Bg7 31. Be7 a5 32. Rc2 Bb7 33. Bc5+ Ka6 34. Kb2
Be4 35. Rxc3 bxc3+ 36. Kxc3 h4 37. Kc4 hxg3 38. hxg3 Rh2 39. Bb5+ Kb7 40. Be8
g5 41. Nd5 Rc2+ 42. Nc3 f4 43. gxf4 gxf4 44. d5 Bxe5 45. Bd4 f6 46. d6 Bxd6 47.
Bxf6 f3 48. Kd4 f2 49. Nxe4 f1=Q 50. Nxd6+ Kb8 51. Be5 Qd1+ 52. Ke4 Re2+ 53.
Kf5 Qd3+ 54. Ke6 Rxe5+ 55. Kxe5 Kc7 56. Ne4 Qc2 57. Ba4 Qxa2 58. Kd4 Qb2+ 59.
Kd5 Kb6 60. Nd6 Qd2+ 61. Ke5 Qc3+ 62. Kd5 Qc5+ 63. Ke6 Qe3+ 64. Kd5 Qg5+ 65.
Ke6 Qg6+ 66. Kd5 Qh5+ 67. Ke6 Kc5 68. Ne4+ Kd4 69. Nf6 Qe5+ 70. Kf7 Qd6 71. Nd7
Ke4 72. Ke8 Kd5 73. Kd8 Qa6 74. Ke7 Qb7 75. Kf7 Kd6 76. Ke8 Qc8+ 77. Kf7 Qxd7+
78. Bxd7 Kxd7 79. Kf6 Kd6 80. Kf5 Kd5 0-1

[Event "Moscow Open 2007"]
[Site "Moscow"]
[Date "2007.01.29"]
[Round "3"]
[White "Onoprienko, Vladimir"]
[Black "Elfert, Aleksandr V"]
[Result "1-0"]
[WhiteElo "2354"]
[BlackElo "2114"]
[PlyCount "93"]
[EventDate "2007.??.??"]

1. e4 c5 2. Nc3 a6 3. Nf3 d6 4. d4 cxd4 5. Nxd4 Nf6 6. a4 b6 7. Be2 Bb7 8. Bf3
Nbd7 9. g3 Rc8 10. Nd5 e5 11. Ne2 Nxd5 12. exd5 f5 13. Bg2 g6 14. b3 Bg7 15.
Bb2 O-O 16. c4 Nf6 17. O-O h5 18. f4 Ng4 19. Qd2 b5 20. a5 bxc4 21. bxc4 Rxc4
22. h3 Nf6 23. fxe5 dxe5 24. Qd3 Re4 25. Bxe4 Nxe4 26. Rfd1 Ng5 27. h4 Ne4 28.
Qb3 Qa8 29. Rac1 Rd8 30. d6+ Kh7 31. Rc7 Nc5 32. Qf7 Rd7 33. Rxd7 Nxd7 34. Qxd7
Bh1 35. Nf4 Qf3 36. Rd3 Qe4 37. Bxe5 Qxe5 38. Kxh1 g5 39. hxg5 h4 40. Qe6 Qxa5
41. d7 Qa1+ 42. Kg2 h3+ 43. Nxh3 Qb2+ 44. Nf2 Bd4 45. Qxf5+ Kg7 46. Rxd4 Qxd4
47. Qf6+ 1-0

[Event "Moscow Open 2007"]
[Site "Moscow"]
[Date "2007.01.29"]
[Round "3"]
[White "Idrisova, Roza"]
[Black "Nebolsina, Vera"]
[Result "1-0"]
[WhiteElo "2109"]
[BlackElo "2324"]
[PlyCount "71"]
[EventDate "2007.??.??"]

1. d4 Nf6 2. c4 g6 3. Nc3 Bg7 4. e4 d6 5. Be2 O-O 6. Nf3 Na6 7. O-O e5 8. Bg5
Qe8 9. dxe5 dxe5 10. a3 c6 11. Qd6 Be6 12. Rad1 h6 13. Bh4 Qc8 14. Bg3 Ne8 15.
Qd2 f6 16. Qc2 Qc7 17. Nd2 f5 18. exf5 gxf5 19. f3 Nf6 20. Rfe1 Nh5 21. Bf2 Bf6
22. c5 b5 23. cxb6 axb6 24. Bc4 Qf7 25. Bxe6 Qxe6 26. Bxb6 c5 27. Na4 Kh8 28.
Nc4 Rg8 29. Rd6 Qe7 30. Qxf5 Rg5 31. Qd7 Nb8 32. Qxe7 Bxe7 33. Re6 Rxa4 34. b3
Nf4 35. Rxe7 Rxg2+ 36. Kh1 1-0

[Event "Moscow Open 2007"]
[Site "Moscow"]
[Date "2007.01.29"]
[Round "3"]
[White "Kislov, Oleg"]
[Black "Bukhteeva, Viktoria"]
[Result "1-0"]
[WhiteElo "2324"]
[BlackElo "2109"]
[PlyCount "157"]
[EventDate "2007.??.??"]

1. e4 d5 2. exd5 Nf6 3. Nc3 Nxd5 4. Bc4 Nb6 5. Bb3 Nc6 6. Qf3 e6 7. Nge2 Be7 8.
d4 Nxd4 9. Nxd4 Qxd4 10. Be3 Qf6 11. Nb5 Qe5 12. c4 a6 13. Nc3 Bc5 14. O-O Bxe3
15. fxe3 O-O 16. Rad1 Nd7 17. Rd4 Qf6 18. Qg3 Qe5 19. Qf3 f5 20. Rfd1 Nf6 21.
h3 c5 22. Rd6 Rb8 23. Qf4 Qxf4 24. exf4 Kf7 25. Rd8 Rxd8 26. Rxd8 Ke7 27. Rh8
Nd7 28. Rxh7 Kf7 29. Rh5 Nf8 30. Rg5 Bd7 31. Rg3 Bc6 32. Rd3 Ng6 33. g3 Rh8 34.
Kh2 e5 35. Nd5 exf4 36. gxf4 Re8 37. Bd1 Ne7 38. Kg3 Rd8 39. Nb4 Rxd3+ 40. Nxd3
b6 41. Ne5+ Kf6 42. Bf3 Be8 43. Bb7 a5 44. h4 Ng6 45. Bc6 Bxc6 46. Nxc6 Nf8 47.
Ne5 Ke7 48. h5 Ne6 49. a4 Ke8 50. Nc6 Kd7 51. Na7 Kc7 52. Nb5+ Kc6 53. Nc3 Nd4
54. Nd5 Kb7 55. Kh4 Nf3+ 56. Kg3 Nd4 57. h6 gxh6 58. Kh4 Nf3+ 59. Kh5 Ne1 60.
Kxh6 Nd3 61. b3 Nc1 62. Kg5 Nxb3 63. Kxf5 Nd2 64. Ne3 Kc7 65. Ke6 Kd8 66. Kd6
Ke8 67. Kc6 Kf7 68. Kxb6 Nb3 69. Ng4 Ke6 70. Nf2 Kf5 71. Nd3 Kg4 72. Kb5 Kf5
73. Nxc5 Nd4+ 74. Kxa5 Kxf4 75. Kb6 Ke5 76. a5 Kd6 77. a6 Nc6 78. Ne4+ Kd7 79.
Nf6+ 1-0

[Event "Moscow Open 2007"]
[Site "Moscow"]
[Date "2007.01.29"]
[Round "3"]
[White "Popelyshev, Igor V"]
[Black "Prokopchuk, Yury"]
[Result "0-1"]
[WhiteElo "2106"]
[BlackElo "2316"]
[PlyCount "42"]
[EventDate "2007.??.??"]

1. e4 Nf6 2. e5 Nd5 3. d4 d6 4. Nf3 dxe5 5. Nxe5 g6 6. c4 Nb6 7. Nc3 Bg7 8. Be3
c5 9. Qf3 O-O 10. O-O-O N6d7 11. Ng4 cxd4 12. Bxd4 e5 13. Be3 f5 14. Qd5+ Kh8
15. Nh6 Qe7 16. h4 f4 17. h5 Bxh6 18. hxg6 fxe3 19. Rxh6 Nf6 20. Bd3 exf2 21.
Rxh7+ Qxh7 0-1